000 00749nam a22002417a 4500
001 84887
003 UA-OsUOA
005 20200109124715.0
007 ta
008 20120611b un ||||| |||| 00| 0 ukr d
040 _aUA-OsUOA
_bukr
_cUA-OsUOA
_dUA-OsUOA
041 _aukr
080 _a821.161.2
090 _a821.161.2
_bМ74
100 _aМогилянка Д.
245 _aДумки летять на Україну: народні вірші
260 _aЕдмонтон
_c1980
300 _a123 с.
650 7 _a82 Література. Літературознавство
_2UDC
942 _cBK
_2udc
955 _a3
999 _c371245
_d371245